Manat (Record no. 332382)

MARC details
000 -LEADER
fixed length control field 00404nam a2200157Ia 4500
008 - FIXED-LENGTH DATA ELEMENTS--GENERAL INFORMATION
fixed length control field 230718s9999 xx 000 0 und d
041 ## - LANGUAGE CODE
Language code of text/sound track or separate title eng
082 ## - DEWEY DECIMAL CLASSIFICATION NUMBER
Classification number 891.46
Item number GOD
100 ## - MAIN ENTRY--PERSONAL NAME
Personal name Godbole A.
9 (RLIN) 107888
245 ## - TITLE STATEMENT
Title Manat
260 ## - PUBLICATION, DISTRIBUTION, ETC. (IMPRINT)
Date of publication, distribution, etc. 2013
Name of publisher, distributor, etc. Manovikas Prakashan
300 ## - PHYSICAL DESCRIPTION
Extent 589
365 ## - TRADE PRICE
Currency code Rs.
Price amount 375.00
700 ## - ADDED ENTRY--PERSONAL NAME
Personal name Godbole A.
9 (RLIN) 107888
906 ## - LOCAL DATA ELEMENT F, LDF (RLIN)
d O:0337214-Jun-2013B:346317-May-2013
c GENRL
b 75
Holdings
Withdrawn status Lost status Damaged status Not for loan Home library Current library Date acquired Vendor Budget Code Cost, normal purchase price Bill number Total Checkouts Full call number Barcode Date last seen Date last checked out Discount Cost, replacement price Bill Date Koha item type Original Barcode
        Cummins College of Engineering for Women Pune Cummins College of Engineering for Women Pune 14/06/2013 Om Book Stall GENRL 300.00 3463 3 891.46 CCEP-BK-43589 25/10/2024 10/10/2024 75 375.00 17/05/2013 Books 043589